000 01178nam a2200265 i 4500
001 8167
003 KOSZ 005
005 20191017092953.0
008 090327s1955 pl a f 000 0 pol
015 _aPB 1955/2539
040 _aWA N
_cKOSZ 005/RW
_dKOSZ 005/RW
080 _a526
100 1 _aWysocki, Konstanty.
245 1 0 _aWzory rozwiązań zadań z dziedziny pomiarów stosowanych /
_cKonstanty Wysocki.
250 _aWyd. 2 popr. i uzup.
260 _aWarszawa :
_bPaństwowe Przedsiębiorstwo Wydawnictw Kartograficznych,
_c1955.
300 _aXV, [2], 279, [1] s., [7] k. tabl. :
_bil. ;
_c20 cm.
380 _aKsiążki.
521 8 _aKsiążka przeznaczona dla techników i inżynierów geodetów oraz dla uczniów technikum geodezyjnego i studentów politechniki; mogą z niej również korzystać inżynierowie innych specjalności wykonujący drobne pomiary.
650 4 _aGeodezja
655 4 _aĆwiczenia i zadania
710 2 _aPaństwowe Przedsiębiorstwo Wydawnictw Kartograficznych
_4pbl.
856 _uhttp://koha.tu.koszalin.pl/cgi-bin/koha/opac-detail.pl?biblionumber=8167
_yKatalog online BPK
942 _2UKD
_cKS
999 _c8167
_d8167